[Event "Beacon Seniors"]
[Site "Exmouth"]
[Date "2017.11.10"]
[Round "5"]
[White "Berry, Stephen H"]
[Black "Valentine, Brian"]
[Result "1-0"]
[WhiteElo "2293"]
[BlackElo "1937"]
[PlyCount "63"]
[EventDate "2017.11.06"]
[EventType "swiss"]
[EventRounds "5"]
[EventCountry "ENG"]

1. c4 c5 2. g3 g6 3. Bg2 Bg7 4. Nc3 Nc6 5. Nf3 e6 6. d4 Nxd4 7. Nxd4 cxd4 8.
Ne4 Ne7 9. Nd6+ Kf8 10. O-O Qc7 11. Nxc8 Rxc8 12. b3 Nc6 13. Bb2 Rd8 14. Rc1 h5
15. b4 h4 16. b5 Ne7 17. Bxd4 hxg3 18. hxg3 Nf5 19. Bxg7+ Nxg7 20. Qd4 b6 21.
Bf3 e5 22. Qd2 Ne6 23. Bd5 Nc5 24. Kg2 Kg7 25. f4 f5 26. Rh1 d6 27. fxe5 dxe5
28. Qg5 Qd6 29. Rcf1 Qf6 30. Rxf5 Qxg5 31. Rf7+ Kg8 32. Rd7+ {Source: Brian
Valentine, 16 Jan 2019} 1-0

[Event "World Senior Teams +65"]
[Site "Dresden GER"]
[Date "2018.07.09"]
[Round "3.6"]
[White "Ulrichsen, Jarl Henning"]
[Black "Berry, Stephen H"]
[Result "1/2-1/2"]
[WhiteElo "2196"]
[BlackElo "2298"]
[PlyCount "49"]
[EventDate "2018.07.07"]
[EventType "team"]
[EventRounds "9"]
[EventCountry "GER"]
[SourceTitle "The Week in Chess 1235"]
[Source "Mark Crowther"]
[SourceDate "2018.07.09"]
[SourceVersion "2"]
[SourceVersionDate "2018.07.12"]
[SourceQuality "2"]

1. c4 e5 2. Nc3 d6 3. e3 f5 4. d3 Nf6 5. g3 Be7 6. Bg2 O-O 7. Nge2 c6 8. O-O
Be6 9. b3 Nbd7 10. d4 Bf7 11. dxe5 dxe5 12. e4 fxe4 13. Nxe4 Nxe4 14. Bxe4 Nc5
15. Qxd8 Raxd8 16. Nc3 Nxe4 17. Nxe4 Bg6 18. Bg5 Bxg5 19. Nxg5 Rd2 20. f4 exf4
21. Ne6 Be4 22. Nxf4 g5 23. Rae1 Rxf4 24. gxf4 Rg2+ 25. Kh1 1/2-1/2

[Event "Beacon Seniors"]
[Site "Exmouth"]
[Date "2018.11.05"]
[Round "1"]
[White "Berry, Stephen H"]
[Black "Price, Andrew"]
[Result "1-0"]
[WhiteElo "2298"]
[BlackElo "1764"]
[PlyCount "81"]
[EventDate "2018.11.05"]
[EventType "swiss"]
[EventRounds "5"]
[EventCountry "ENG"]

1. Nf3 c5 2. c4 Nf6 3. Nc3 d5 4. cxd5 Nxd5 5. g3 Nc6 6. Bg2 e6 7. O-O Be7 8. d4
Nf6 9. dxc5 Qxd1 10. Rxd1 Bxc5 11. Bf4 O-O 12. Rac1 e5 13. Bg5 Be7 14. Bxf6
Bxf6 15. Nd5 Bd8 16. b4 f6 17. b5 Na5 18. Ne1 Rb8 19. Nc2 f5 20. Ncb4 Be6 21.
Nd3 e4 22. N3f4 Bf7 23. h4 g6 24. e3 h6 25. Bf1 g5 26. hxg5 hxg5 27. Ne2 Kg7
28. Nec3 Rh8 29. g4 Bg6 30. Bg2 Rh4 31. gxf5 Bxf5 32. Ne2 Bg4 33. Rd2 Bf3 34.
Ng3 Kg6 35. Rd4 Bxg2 36. Kxg2 Bf6 37. Nxf6 Kxf6 38. Nxe4+ Kg6 39. Rd6+ Kf5 40.
Ng3+ Ke5 41. Rcd1 {Source: Brian Valentine, 16 Jan 2019} 1-0

[Event "Beacon Seniors"]
[Site "Exmouth"]
[Date "2018.11.06"]
[Round "2"]
[White "Ingham, H William"]
[Black "Berry, Stephen H"]
[Result "0-1"]
[WhiteElo "1835"]
[BlackElo "2298"]
[PlyCount "120"]
[EventDate "2018.11.05"]
[EventType "swiss"]
[EventRounds "5"]
[EventCountry "ENG"]

1. d4 Nf6 2. e3 d6 3. Nf3 Nbd7 4. Be2 e5 5. c4 Be7 6. Nc3 O-O 7. Qc2 Re8 8. O-O
c6 9. Rd1 Qc7 10. b3 Bf8 11. Bb2 exd4 12. Nxd4 Ne5 13. Nf3 g6 14. Nxe5 dxe5 15.
Rac1 Bf5 16. Bd3 e4 17. Be2 Bg7 18. h3 h5 19. b4 a5 20. b5 h4 21. Na4 c5 22.
Nc3 Rad8 23. Nd5 Nxd5 24. cxd5 b6 25. Bxg7 Kxg7 26. Qc3+ Qe5 27. a4 Rd6 28. Bc4
g5 29. Qxe5+ Rxe5 30. Rd2 Bg6 31. g4 Kf8 32. Rcd1 Ke7 33. Bf1 Kd7 34. Bc4 f6
35. Kg2 Bf7 36. Kg1 f5 37. Kg2 Rf6 38. Kg1 Kd6 39. Kg2 fxg4 40. hxg4 Be8 41.
Be2 Bd7 42. Kg1 Re8 43. Rf1 Ref8 44. Kg2 Bc8 45. Rdd1 Rf3 46. Bxf3 Rxf3 47. Rg1
Bxg4 48. Kf1 Bh3+ 49. Ke2 g4 50. Rh1 Rf5 51. Rd2 g3 52. fxg3 Bg4+ 53. Ke1 h3
54. Rhh2 Rf3 55. Rdf2 Rxe3+ 56. Kf1 Rd3 57. Rf6+ Kxd5 58. Rxb6 Rd1+ 59. Kf2
Rd2+ 60. Kg1 e3 {Source: Brian Valentine, 16 Jan 2019} 0-1

[Event "Beacon Seniors"]
[Site "Exmouth"]
[Date "2018.11.07"]
[Round "3"]
[White "Berry, Stephen H"]
[Black "Clegg, Robert"]
[Result "1-0"]
[WhiteElo "2298"]
[BlackElo "1819"]
[PlyCount "47"]
[EventDate "2018.11.05"]
[EventType "swiss"]
[EventRounds "5"]
[EventCountry "ENG"]

1. Nf3 Nf6 2. c4 g6 3. Nc3 Bg7 4. g3 O-O 5. Bg2 d6 6. d4 Nbd7 7. O-O a6 8. h3
e5 9. dxe5 dxe5 10. Be3 Re8 11. Rc1 Nh5 12. Qd2 Nf8 13. Rfd1 Qxd2 14. Rxd2 Be6
15. Nd5 Rac8 16. Bc5 Kh8 17. e3 Nd7 18. Ba3 f5 19. Ng5 Bxd5 20. Bxd5 Bf6 21.
Nf7+ Kg7 22. Bxb7 Nb6 23. Bxc8 Rxc8 24. c5 {Source: Brian Valentine, 16 Jan
2019} 1-0

[Event "Beacon Seniors"]
[Site "Exmouth"]
[Date "2018.11.08"]
[Round "4"]
[White "Crombleholme, Alan K"]
[Black "Berry, Stephen H"]
[Result "1/2-1/2"]
[WhiteElo "1976"]
[BlackElo "2298"]
[PlyCount "79"]
[EventDate "2018.11.05"]
[EventType "swiss"]
[EventRounds "5"]
[EventCountry "ENG"]

1. Nf3 Nf6 2. c4 e6 3. g3 d5 4. Bg2 Be7 5. b3 O-O 6. Bb2 c5 7. O-O Nc6 8. e3
dxc4 9. bxc4 Qb6 10. Qb3 Na5 11. Qxb6 axb6 12. d3 Rd8 13. Ne1 Bd7 14. Nc3 Bc6
15. Bxc6 bxc6 16. Rb1 Ne8 17. f3 Nc7 18. Ba1 Rab8 19. Rf2 b5 20. cxb5 cxb5 21.
Rc2 c4 22. Nd1 f6 23. Bxf6 gxf6 24. Kf2 Na6 25. Ke2 Nc5 26. dxc4 Nxc4 27. Rbc1
Na4 28. Nd3 Ra8 29. N3b2 Naxb2 30. Nxb2 Nxb2 31. Rxb2 Ra3 32. Kf2 Rdd3 33. Re1
Ra5 34. Ree2 f5 35. f4 Kg7 36. Kf3 Kg6 37. Red2 Rda3 38. h3 h5 39. Rdc2 Kf6 40.
Rc5 {Source: Brian Valentine, 16 Jan 2019} 1/2-1/2

[Event "Beacon Seniors"]
[Site "Exmouth"]
[Date "2018.11.09"]
[Round "5"]
[White "Berry, Stephen H"]
[Black "Norman, Kenneth I"]
[Result "1/2-1/2"]
[WhiteElo "2298"]
[BlackElo "2099"]
[PlyCount "61"]
[EventDate "2018.11.05"]
[EventType "swiss"]
[EventRounds "5"]
[EventCountry "ENG"]

1. c4 c5 2. g3 g6 3. Bg2 Bg7 4. Nc3 Nc6 5. Nf3 e6 6. d4 cxd4 7. Nb5 d5 8. cxd5
exd5 9. Nbxd4 Nge7 10. O-O O-O 11. b3 Qb6 12. Bb2 Re8 13. Qd2 Nxd4 14. Bxd4
Bxd4 15. Nxd4 Nc6 16. Nxc6 bxc6 17. e3 a5 18. Rac1 a4 19. Qc3 axb3 20. axb3 Ba6
21. Rfd1 Bb5 22. h4 h6 23. Rd4 Qa5 24. Qc5 Qa3 25. b4 Qb2 26. Rf4 Re6 27. Qc3
Qxc3 28. Rxc3 Ra1+ 29. Kh2 Rb1 30. Rc5 Rd6 31. g4 {Source: Brian Valentine, 16
Jan 2019} 1/2-1/2